000 01112cam a2200277 a 4500
999 _c60107
_d60107
001 13921380
003 ARRUPE
005 20170614105238.0
008 050331s2004 sg b b 000 0 eng
010 _a 2005327171
020 _a2869781237 (pbk.)
040 _aDLC
_cDLC
_dDLC
042 _alcode
043 _af-sl---
050 0 0 _aDT516.826
_b.B48 2004
245 0 0 _aBetween democracy and terror :
_bthe Sierra Leone civil war /
_cedited by Ibrahim Abdullah.
260 _aDakar, Senegal :
_bCouncil for the Development of Social Science Research in Africa,
_cc2004.
300 _ax, 263 p. :
_bmaps ;
_c23 cm.
490 0 _aCodesria book series
504 _aIncludes bibliographical references (p. [254]-263).
651 0 _aSierra Leone
_xHistory
_yCivil War, 1991-2002.
_932570
700 1 _aAbdullah, Ibrahim.
_932571
710 2 _aCodesria.
_932572
906 _a7
_bcbc
_corigode
_d3
_encip
_f20
_gy-gencatlg
942 _2lcc
_cMONOGRAPH